| 000 | 00453nam a2200169Ia 4500 | ||
|---|---|---|---|
| 003 | GCL | ||
| 008 | 140319s9999 xx 000 0 eng d | ||
| 040 |
_aGCL / _cGCL |
||
| 082 | 0 | 4 |
_a759.05 _bT F |
| 100 | 1 | _aTHORNTON,LYNNE | |
| 245 | 1 | 0 |
_aLA FEMME DANS LA PEINTURE ORIENTALISTE / _cTHORNTON,LYNNE |
| 260 |
_a[S.N] : _bA C R EDITION POCHE CORILOA ، _c1993 |
||
| 300 | _a192 | ||
| 650 | 0 | 4 | _aORIENTALISTS |
| 650 | 0 | 4 | _aWOMEN PAINTERS |
| 942 |
_2ddc _cBK |
||
| 999 |
_c12623 _d12623 |
||